|
|
|
|
| LEADER |
01343nam a2200373Ia 4500 |
| 001 |
EBC2002393 |
| 003 |
MiAaPQ |
| 005 |
20200520144314.0 |
| 006 |
m o d | |
| 007 |
cr cn||||||||| |
| 008 |
001123s2001 enk sbd 000 0ceng d |
| 015 |
|
|
|a GBA0-V1232
|
| 020 |
|
|
|z 0415159806
|
| 029 |
0 |
|
|a ocm45437011
|
| 035 |
|
|
|a (MiAaPQ)EBC2002393
|
| 035 |
|
|
|a (Au-PeEL)EBL2002393
|
| 035 |
|
|
|a (CaPaEBR)ebr11037847
|
| 035 |
|
|
|a (CaONFJC)MIL759943
|
| 035 |
|
|
|a (OCoLC)905902666
|
| 040 |
|
|
|a MiAaPQ
|c MiAaPQ
|d MiAaPQ
|
| 050 |
|
4 |
|a PN471
|b .W496 2001
|
| 082 |
0 |
4 |
|a 809.892870904
|2 21
|
| 245 |
0 |
0 |
|a Who's who in contemporary women's writing
|h [electronic resource] /
|c edited by Jane Eldridge Miller.
|
| 260 |
|
|
|a London ;
|a New York :
|b Routledge,
|c 2001.
|
| 300 |
|
|
|a xxi, 385 p.
|
| 490 |
1 |
|
|a Who's who series
|
| 504 |
|
|
|a Includes bibliographical references (p. 364-371).
|
| 533 |
|
|
|a Electronic reproduction. Ann Arbor, MI : ProQuest, 2015. Available via World Wide Web. Access may be limited to ProQuest affiliated libraries.
|
| 650 |
|
0 |
|a Women authors
|y 20th century
|v Dictionaries.
|
| 655 |
|
4 |
|a Electronic books.
|
| 700 |
1 |
|
|a Miller, Jane Eldridge,
|d 1954-
|
| 710 |
2 |
|
|a ProQuest (Firm)
|
| 830 |
|
0 |
|a Who's who series.
|
| 856 |
4 |
0 |
|u https://ebookcentral.proquest.com/lib/matrademy/detail.action?docID=2002393
|z Click to View
|